00246nam a2200109Ia 4500100002300000654001000023245004300033260002000076082002000096300000800116546001200124 aSmith/ Roderick W  alinux aLinux : Networking for your Office bTechmediac2000 a005.133'L'bSMI a618 aENGLISH